Revenge of the Mummy On-ride Script - Statistics

General Stats
  • This quiz has been taken 20 times
  • The average score is 87 of 177
Answer Stats
Hint Answer % Correct
you.
90%
you
90%
a
80%
AHHHH
80%
Reggie Are
80%
are
80%
I
80%
curse,
70%
is
70%
me
70%
real!
70%
souls.
70%
souls
70%
souls!
70%
the
70%
The
70%
your
70%
Your
70%
and
60%
eternity
60%
Get
60%
here!
60%
He's
60%
Brendan Fraser Hey,
60%
hope
60%
Hope
60%
it's
60%
Medjai
60%
on
60%
only
60%
place
60%
This
60%
this
60%
to
60%
trap.
60%
whole
60%
after
50%
all
50%
be
50%
end
50%
for
50%
Insane?!
50%
mine!
50%
my
50%
of
50%
shall
50%
"Ride Attendant" We
50%
back!
40%
beginning.
40%
beginning!
40%
can
40%
Death
40%
enjoyed
40%
escape.
40%
feet
40%
had
40%
hands
40%
have
40%
head
40%
if
40%
inside
40%
keep
40%
Look
40%
lot
40%
more
40%
no
40%
No!
40%
outta
40%
riches
40%
rule
40%
Imhotep Silence!
40%
symbol
40%
Thank
40%
There
40%
treasure
40%
welcome
40%
with
40%
With
40%
would
40%
arms
30%
bar
30%
beyond
30%
bitter
30%
coffee!
30%
cup
30%
destiny?
30%
(echoes) destiny
30%
even
30%
forfeit
30%
gotten
30%
headrest
30%
lap
30%
legs
30%
Not
30%
now.
30%
or
30%
*Safety Message Please
30%
please
30%
Imhotep Prepare
30%
refuse
30%
remain
30%
ride
30%
save
30%
savor
30%
seated
30%
Serve
30%
vehicle.
30%
Will
30%
(Egyptian Curse) Akudei
20%
at
20%
fate.
20%
hold
20%
interview
20%
keeping
20%
Enter this ^ to take Makrraken
20%
measure
20%
the easy way out Ra
20%
times.
20%
against
10%
Behold
10%
Face
10%
forward
10%
yourself.
10%
No matching quizzes found
Score Distribution
Percent of People with Each Score
Percentile by Number Answered
Your Score History
You have not taken this quiz